000 01649nam a2200457 i 4500
999 _c51354
_d51354
001 51354
003 ES-MaCES
005 20220408040014.0
008 191022s2018 sp o000 | spa d
017 _aV 2983-2018
_bDL
020 _a9788491908463
020 _a9788473516532 (INAP)
024 _a174-18-035-5
_2nipo
040 _aES-MaCES
_bspa
_cES-MaCES
100 1 _939647
_aAbellán López, María Ángeles
245 1 0 _aRendición de cuentas y control externo en España
_b: una aproximación a las instituciones fiscalizadoras desde el contexto de la modernización político administrativa
_cMaría Ángeles Abellán López
260 _aValencia
_bTirant lo Blanch
260 _a[Madrid]
_bINAP, Instituto Nacional de Administración Pública
_c2018
300 _a179 p.
_c22 cm
490 1 _aTirant monografías
504 _aBibliografía: po. 143-179
541 0 _cGratuito
610 1 4 _93448
_aEspaña
_bTribunal de Cuentas
610 2 4 _95056
_aTribunal de Cuentas Europeo
650 4 _aadministración fiscal
_927209
650 4 _acuentas nacionales
_929370
650 4 _agasto público
_928076
650 4 _amecanismo de control
_929918
650 4 _aorganización institucional
_927196
650 4 _aEspaña
_926964
650 4 _aUE
_926752
650 4 _atribunal
_929460
650 4 _aComunidades Autónomas
_930768
650 4 _adesarrollo político
_929225
650 4 _arégimen jurídico
_929894
653 1 0 _aFiscalidad
710 2 _94265
_aInstituto Nacional de Administración Pública (España)
_eed.
830 0 _aTirant monografías
_932480
902 _aLIB Libro
942 _2CES
_cBK
_h0.1.